Introduction to Medical Laboratory Technology. (Record no. 348)

MARC details
000 -LEADER
fixed length control field 00805cam a2200277 a 4500
001 - CONTROL NUMBER
control field 1425611
003 - CONTROL NUMBER IDENTIFIER
control field OSt
005 - DATE AND TIME OF LATEST TRANSACTION
control field 20161101191941.0
008 - FIXED-LENGTH DATA ELEMENTS--GENERAL INFORMATION
fixed length control field 841204s1985 enka b 001 0 eng c
010 ## - LIBRARY OF CONGRESS CONTROL NUMBER
LC control number 84027464
020 ## - INTERNATIONAL STANDARD BOOK NUMBER
International Standard Book Number 0-407732527
040 ## - CATALOGING SOURCE
Original cataloging agency DNLM/DLC
Transcribing agency DLC
Modifying agency DLC
050 10 - LIBRARY OF CONGRESS CALL NUMBER
Classification number RB37
Item number .B28 1985
060 ## - NATIONAL LIBRARY OF MEDICINE CALL NUMBER
Classification number QY 25 B167i
082 00 - DEWEY DECIMAL CLASSIFICATION NUMBER
Classification number QY 25 B17i 1985
Edition number 19
100 1# - MAIN ENTRY--PERSONAL NAME
Personal name Baker, F. J.; Silverton, R. E.
9 (RLIN) 902
245 10 - TITLE STATEMENT
Title Introduction to Medical Laboratory Technology.
250 ## - EDITION STATEMENT
Edition statement 6th ed.
260 ## - PUBLICATION, DISTRIBUTION, ETC. (IMPRINT)
Place of publication, distribution, etc. London ;
Name of publisher, distributor, etc. Butterworths,
Date of publication, distribution, etc. 1985.
300 ## - PHYSICAL DESCRIPTION
Extent x, 408 p. :
Other physical details ill. ;
Dimensions 26cm.
504 ## - BIBLIOGRAPHY, ETC. NOTE
Bibliography, etc Bibliography, & index included
650 #0 - SUBJECT ADDED ENTRY--TOPICAL TERM
Topical term or geographic name as entry element laboratory techniques.
9 (RLIN) 903
650 #2 - SUBJECT ADDED ENTRY--TOPICAL TERM
Topical term or geographic name as entry element Laboratory Diagnosis
9 (RLIN) 904
906 ## - LOCAL DATA ELEMENT F, LDF (RLIN)
a 7
b cbc
c orignew
d 1
e ocip
f 19
g y-gencatlg
942 ## - ADDED ENTRY ELEMENTS (KOHA)
Source of classification or shelving scheme Other/Generic Classification Scheme
Koha item type Book Bank
Holdings
Withdrawn status Lost status Source of classification or shelving scheme Damaged status Not for loan Home library Current library Date acquired Source of acquisition Inventory number Total Checkouts Full call number Barcode Date last seen Koha item type Date last checked out Checked out
    Other/Generic Classification Scheme     MUST Main Library MUST Main Library 14/08/2014 Purchase 01/16194   QY 25 B17i 1985 2014-2207 14/08/2014 Book Bank    
    Other/Generic Classification Scheme     MUST Main Library MUST Main Library 14/08/2014 Purchase 01/16203 1 QY 25 B17i 1985 2014-2208 11/04/2023 Book Bank 10/02/2023  
    Other/Generic Classification Scheme     MUST Main Library MUST Main Library 14/08/2014 Purchase 01/16200   QY 25 B17i 1985 2014-2209 14/08/2014 Book Bank    
    Other/Generic Classification Scheme     MUST Main Library MUST Main Library 14/08/2014 Purchase 01/16190   QY 25 B17i 1985 2014-2210 14/08/2014 Book Bank    
    Other/Generic Classification Scheme     MUST Main Library MUST Main Library 14/08/2014 Purchase 01/16198   QY 25 B17i 1985 2014-2211 14/08/2014 Book Bank    
    Other/Generic Classification Scheme     MUST Main Library MUST Main Library 14/08/2014 Purchase 01/16201   QY 25 B17i 1985 2014-2212 14/08/2014 Book Bank    
    Other/Generic Classification Scheme     MUST Main Library MUST Main Library 14/08/2014 Purchase 01/16195   QY 25 B17i 1985 2014-2213 14/08/2014 Book Bank    
    Other/Generic Classification Scheme     MUST Main Library MUST Main Library 14/08/2014 Purchase 01/16189 1 QY 25 B17i 1985 2014-2214 10/09/2021 Book Bank 10/09/2021 10/09/2021
    Other/Generic Classification Scheme     MUST Main Library MUST Main Library 14/08/2014 Purchase 01/16193   QY 25 B17i 1985 2014-2215 14/08/2014 Book Bank